000 00397nam a22001571a 4500
020 _a8170208440
082 _a374
_bGOV/A
100 _aGovindappa K
245 _aAdult education : impact of national literacy mission/
_cby Govindappa K
260 _aNew Delhi:
_bCosmo,
_c1998.
300 _a277p.
650 _aAdult Education
650 _aEducation
650 _aSocial Sciences
942 _cBK
999 _c1026
_d1026